Pohľad na digitálnu integráciu a digitálnu gramotnosť ľudí so zdravotným postihnutím na Slovensku

Digitálna integrácia a digitálna gramotnosť ľudí so zdravotným postihnutím na Slovensku. Na základe kvantitatívneho empirického výskumu bolo realizované vyhodnotenie stavu digitálnej gramotnosti občanov so zdravotným postihnutím na Slovensku. Informačné a komunikačné technológie. (IKT)

Salvato in:
Dettagli Bibliografici
Autore principale: Ondrejková, Anna
Natura: Capitolo di libro
Lingua:slovacco
Soggetti:
Tags: Aggiungi Tag
Nessun Tag, puoi essere il primo ad aggiungerne!!

MARC

LEADER 00000nla a2200000 4500
001 0240331
005 20240502073913.8
041 0 |a slo 
044 |a SK 
245 1 0 |a Pohľad na digitálnu integráciu a digitálnu gramotnosť ľudí so zdravotným postihnutím na Slovensku  |c Anna Ondrejková 
520 |a Digitálna integrácia a digitálna gramotnosť ľudí so zdravotným postihnutím na Slovensku. Na základe kvantitatívneho empirického výskumu bolo realizované vyhodnotenie stavu digitálnej gramotnosti občanov so zdravotným postihnutím na Slovensku. Informačné a komunikačné technológie. (IKT) 
610 2 0 |a integrácia 
610 2 0 |a technológie komunikačné 
610 2 0 |a integrácia sociálna 
610 2 0 |a technológie informačné 
610 2 0 |a digitalizácia 
610 2 0 |a starostlivosť zdravotná 
610 2 0 |a invalidi 
610 2 0 |a zdravie 
610 2 0 |a zdravotníctvo verejné 
100 1 |a Ondrejková, Anna